000 00298nam a2200109 4500
999 _c9674
_d9674
008 180713b ||||| |||| 00| 0 eng d
245 _aOver 4-K anti-smoking violators apprehended.
260 _aDavao City
_bSun Star Davao
_cc2017
300 _apage 2.
650 0 _928663
_aSmoking.
942 _2ddc
_cPER